Agrimonetary compensation secured (Record no. 66097)

MARC details
000 -LEADER
fixed length control field 00724cam a2200193 4500
001 - CONTROL NUMBER
control field WB3707-29
008 - FIXED-LENGTH DATA ELEMENTS--GENERAL INFORMATION
fixed length control field 000000n2001 000 0 eng u
035 ## - SYSTEM CONTROL NUMBER
System control number (Sirsi) u110878
245 ## - TITLE STATEMENT
Title Agrimonetary compensation secured
260 ## - PUBLICATION, DISTRIBUTION, ETC.
Date of publication, distribution, etc. 2001
490 ## - SERIES STATEMENT
Series statement MAFF Press Release
Volume/sequential designation (48/01) 8 February 2001, (1)
520 ## - SUMMARY, ETC.
Summary, etc. The government's scheme to pay £34m compensation to arable farmers has been approved by the EC. The compensation is intended to offset the effects on direct payments of the weakness of the euro against sterling since July 1999.
590 ## - LOCAL NOTE (RLIN)
Local note WB
650 ## - SUBJECT ADDED ENTRY--TOPICAL TERM
Topical term or geographic name entry element AGRIMONETARY SYSTEM
650 ## - SUBJECT ADDED ENTRY--TOPICAL TERM
Topical term or geographic name entry element COMPENSATION
650 ## - SUBJECT ADDED ENTRY--TOPICAL TERM
Topical term or geographic name entry element ARABLE FARMERS
690 ## - LOCAL SUBJECT ADDED ENTRY--TOPICAL TERM (OCLC, RLIN)
Topical term or geographic name as entry element RURAL-AGRICULTURE AND FORESTRY
942 ## - ADDED ENTRY ELEMENTS (KOHA)
Suppress in OPAC 0
Holdings
Withdrawn status Lost status Source of classification or shelving scheme Damaged status Not for loan Home library Current library Shelving location Date acquired Total Checkouts Full call number Barcode Date last seen Copy number Price effective from Koha item type
    Dewey Decimal Classification     London London News article 13/02/2001   WB3707-29 110878-1001 06/08/2019 1 06/08/2019 News article